Recull d'actuacions urbanístiques 1995-2002 / IGUAL, Institut de Gestió Urbanística i Activitats Locals
Descripción Física:
143 p. : il., map. ; 22 x 22 cm
MARC
| LEADER | 00000nam a2200000Ia 4500 | ||
|---|---|---|---|
| 001 | 15090 | ||
| 003 | BGR | ||
| 005 | 20260324175259.0 | ||
| 008 | 160829s9999 xx 000 0 cat d | ||
| 080 | |a B-2-25 | ||
| 110 | 1 | |a Institut d'Urbanisme, Habitatge i Activitats Locals (Barcelona) |9 71110 | |
| 245 | |a Recull d'actuacions urbanístiques 1995-2002 / IGUAL, Institut de Gestió Urbanística i Activitats Locals | ||
| 260 | |a [Barcelona] : |b IGUAL, Diputació de Barcelona, Xarxa de Municipis, DL 2002 | ||
| 300 | |a 143 p. : |b il., map. ; |c 22 x 22 cm | ||
| 590 | |a L'acrònim de l'entitat apareix en minúscules: Igual | ||
| 650 | |a Urbanisme |x Barcelona (Província) |x Projectes |x 1995/2002 |9 24689 | ||
| 710 | 1 | |a Barcelona (Catalunya : Província). |b Diputació |9 52408 | |
| 901 | |a Arxiu | ||
| 942 | |n 1 |2 udc |c MON | ||
| 952 | |0 0 |1 0 |4 0 |6 B225 |7 1 |9 43266 |a Arxiu |b Arxiu |d 2016-12-01 |l 0 |o B-2-25 |p 15090 |r 2016-12-01 00:00:00 |w 2016-12-01 |y ARXIU | ||
| 999 | |c 45811 |d 45811 | ||